000 00457nam a2200181Ia 4500
005 20250508162121.0
008 008 250505s9999 xx 000 0 hin d
037 _aTextual
040 _aFEDL
_beng
_cFEDL
041 _ahin
_2eng
084 _a370, VAR
_qFEDL
100 _aVarma Vaid Nath
_9762898
245 0 _aShikshan - vichar dhara
300 _a195p
650 _aEducation
942 _cTEXL
_h370, VAR
999 _c1374481
_d1374481